| 000 | 00768nam a22002177a 4500 | ||
|---|---|---|---|
| 005 | 20150922115627.0 | ||
| 010 | _aENG-113812 | ||
| 020 |
_a9789351430957 _c225.00 |
||
| 035 | _aEN-97344 | ||
| 037 | _bDBAD/PUB | ||
| 082 | _a174.4 | ||
| 100 | _aNarang, Eesha | ||
| 245 |
_aUnderstanding ethics and communication : _cby Eesha Narang, Arvidnd Dubey [and] Om S. Trivedi ; edited by Divya Madaan _ba self - study module for CA-Intermedciate (IPC) course / |
||
| 260 |
_aGurgaon _bLexisNexis _c2014 |
||
| 270 |
_a14th Floor, Building No.10, Tower-B, DLF Cyber City, Phase-II _bGurgaon _e122002 |
||
| 300 |
_a222p. _c27cm(pbk) |
||
| 700 | _aDubey, Arvind | ||
| 700 | _aTrivedi, Om S. | ||
| 700 | _aMadaan, Divya | ||
| 942 |
_2ddc _cEN _mNAR _h174.4 |
||
| 999 |
_c95612 _d95612 |
||